Statistics for Most NFL Receiving Yards Since 2000

Click here to take the quiz!

General Stats

  • This quiz has been taken 54 times
  • The average score is 17 of 23

Answer Stats

YearTeam# of YardsPlayer% Correct
2022Minnesota Vikings1809Justin Jefferson
100%
2021Los Angeles Rams1947Cooper Kupp
98%
2020Buffalo Bill1535Stefon Diggs
98%
2017Pittsburgh Steelers1533Antonio Brown
94%
2014Pittsburgh Steelers1698Antonio Brown
94%
2015Atlanta Falcons1871Julio Jones
94%
2019New Orleans Saints1725Michael Thomas
94%
2018New Orleans Saints1677Michael Thomas
94%
2008Houston Texans1575Andre Johnson
90%
2009Houston Texans1569Andre Johnson
90%
2011Detroit Lions1681Calvin Johnson
90%
2012Detroit Lions1964Calvin Johnson
90%
2006Cincinnati Bengals1369Chad Johnson
90%
2002Indianapolis Colts1722Marvin Harrison
88%
2016Indianapolis Colts1448T.Y. Hilton
77%
2005Carolina Panthers1563Steve Smith Sr.
69%
2013Cleveland Browns1646Josh Gordon
67%
2007Indianapolis Colts1510Reggie Wayne
67%
2003St Louis Rams1696Torry Holt
58%
2000St Louis Rams1635Torry Holt
58%
2004Carolina Panthers1405Muhsin Muhammad
19%
2010Denver Broncos1448Brandon Lloyd
15%
2001Arizona Cardinals1598David Boston
8%

Score Distribution

Percentile by Number Answered

Percent of People with Each Score

Your Score History

You have not taken this quiz